Vytvorenie elektronického výučbového portálu k téme "Vyšetrovanie funkcie jednej reálnej premennej" s využitím CSS = Creating an electronic learning portal on the topic investigation : Diplomová práca
Gespeichert in:
| 1. Verfasser: | |
|---|---|
| Weitere Verfasser: | |
| Format: | Manuskript Buch |
| Sprache: | Slowakisch |
| Veröffentlicht: |
Trnava :
STU v Bratislave MTF UIAM,
2009
|
| Schlagworte: | |
| Tags: |
Keine Tags, Fügen Sie das erste Tag hinzu!
|
MARC
| LEADER | 00000ntm a22000003a 4500 | ||
|---|---|---|---|
| 001 | stu195454 | ||
| 005 | 20160719155948.8 | ||
| 008 | 091104s2009----xo------------------slo-d | ||
| 040 | |a STU |b slo | ||
| 041 | 0 | |a slo | |
| 044 | |a xo | ||
| 100 | 1 | |a Kičin, Michal |4 aut | |
| 245 | 1 | |a Vytvorenie elektronického výučbového portálu k téme "Vyšetrovanie funkcie jednej reálnej premennej" s využitím CSS = Creating an electronic learning portal on the topic investigation : |b Diplomová práca | |
| 260 | |a Trnava : |b STU v Bratislave MTF UIAM, |c 2009 | ||
| 300 | |a 74 s |c príl (1 CD-ROM) | ||
| 500 | |a Študijný odbor: 5.2.14 automatizácia | ||
| 500 | |a Študijný program: automatizácia a informatizácia procesov | ||
| 650 | 7 | |a e-learning |2 estusub | |
| 650 | 7 | |a portál |2 stusub | |
| 650 | 7 | |a CSS |2 stusub | |
| 650 | 7 | |a PHP |2 stusub | |
| 650 | 7 | |a HTML |2 stusub | |
| 700 | 1 | |a Krajčovič, Jozef, |d 1960- |4 xxx |u M1000 |U MTF Materiálovotechnologická fakulta |T MTF Ústav materiálov |X 2757 |U M1000 |Y 81 |7 A000002757 | |
| 996 | |b 284M071433 |c M*DP-8455 |l MMSKP |s P |a 0 |w stu195454_0001 | ||